MARC

Tag First Indicator Second Indicator Subfields
LEADER 00000cam a2200000 i 4500
001 in00004005421
005 20190122115301.0
006 m o d f
007 cr bn|||||||||
008 141123s1998 dcuab ob f000 0 eng c
035 |a (OCoLC)ocn896811383 
040 |a COP  |b eng  |e rda  |e pn  |c COP  |d OCLCO  |d OCLCF  |d OCLCQ  |d OCLCA  |d GPO  |d MvI  |d UtOrBLW 
042 |a pcc 
043 |a n-us-ca 
049 |a WWW 
074 |a 0624 (online) 
086 0 |a I 19.16:1552-B 
100 1 |a Yashinsky, Mark,  |e author.  |0 http://id.loc.gov/authorities/names/nr97019371 
245 1 4 |a The Loma Prieta, California, Earthquake of October 17, 1989 :  |b highway systems /  |c by Mark Yashinsky; prepared in cooperation with the National Science Foundation. 
246 3 0 |a Highway systems 
264 1 |a Washington :  |b Department of the Interior, U.S. Geological Survey,  |c 1998. 
300 |a 1 online resource (iv, 191 pages) :  |b illustrations, maps. 
336 |a text  |b txt  |2 rdacontent 
337 |a computer  |b c  |2 rdamedia 
338 |a online resource  |b cr  |2 rdacarrier 
490 1 |a U.S. Geological Survey professional paper ;  |v 1552-B 
490 1 |a Performance of the built environment 
588 |a Title from title screen (viewed October 16, 2014). 
504 |a Includes bibliographical references. 
650 0 |a Loma Prieta Earthquake, Calif., 1989.  |0 http://id.loc.gov/authorities/subjects/sh2003006457 
650 0 |a Earthquakes  |z California  |z Loma Prieta. 
650 0 |a Transportation, Automotive  |z California  |z Loma Prieta. 
650 0 |a Buildings, Reinforced concrete  |x Earthquake effects  |z California  |z Loma Prieta. 
650 7 |a Buildings, Reinforced concrete  |x Earthquake effects.  |2 fast  |0 (OCoLC)fst00841204 
650 7 |a Earthquakes.  |2 fast  |0 (OCoLC)fst00900899 
650 7 |a Transportation, Automotive.  |2 fast  |0 (OCoLC)fst01155327 
651 7 |a California  |z Loma Prieta.  |2 fast  |0 (OCoLC)fst01256808 
710 2 |a Geological Survey (U.S.),  |e issuing body.  |0 http://id.loc.gov/authorities/names/n80092173 
710 2 |a National Science Foundation (U.S.)  |0 http://id.loc.gov/authorities/names/n79005681 
776 0 8 |i Print version:  |a Yashinsky, Mark.  |t Loma Prieta, California, Earthquake of October 17, 1989  |w (DLC) 92032287  |w (OCoLC)39031754 
830 0 |a U.S. Geological Survey professional paper ;  |v 1552-B.  |0 http://id.loc.gov/authorities/names/n88643688 
830 0 |a Performance of the built environment.  |0 http://id.loc.gov/authorities/names/no98084164 
856 4 0 |u https://purl.fdlp.gov/GPO/gpo105847  |t 0 
999 f f |s d50f735b-e0c7-325f-a16b-b7c1ca1da909  |i 6200935e-6cad-3730-b4aa-ff268cd82743  |t 0 
952 f f |a Texas A&M University  |b College Station  |c Electronic Resources  |d Available Online  |t 0  |e I 19.16:1552-B  |h Superintendent of Documents classification 
998 f f |a I 19.16:1552-B  |t 0  |l Available Online